| 000 | 00599nam a2200193Ia 4500 | ||
|---|---|---|---|
| 999 |
_c3002 _d3002 |
||
| 003 | OSt | ||
| 005 | 20200813105649.0 | ||
| 008 | 190216s9999||||xx |||||||||||||| ||und|| | ||
| 020 | _a9780321043566 | ||
| 040 | _coclc | ||
| 082 |
_a547.13 _bLOW/M |
||
| 100 |
_aLowry, Thomas H _94093 |
||
| 245 | 0 |
_aMechanism And Theory In Organic Chemistry / _cThomas H Lowry ; Kathleen Schueller Richardson |
|
| 250 | _a3rd Ed. | ||
| 260 |
_bAddison-Wesley Pbl: Co:, _c1998. _aHarlow: |
||
| 300 | _a1090p | ||
| 650 | _aChemistry-Chemistry | ||
| 942 |
_cBK _2ddc _h547.13 _iLOW/M _k547.13 _mLOW/M |
||